| 000 | 00941nam a2200253 a 4500 | ||
|---|---|---|---|
| 001 | 37424 | ||
| 003 | BD-RjUL | ||
| 005 | 20211209052616.0 | ||
| 008 | 150113r19961993nyu 000 0 eng | ||
| 035 | _a(BD-RjUL)37528 | ||
| 040 |
_aDLC _cCarP _dDLC _dBD-RjUL _beng |
||
| 041 | _aeng | ||
| 082 |
_221 _a615.321 _bBOP 1996 |
||
| 100 | 1 |
_aBoericke, William, _d1849- [from old catalog] _9114879 |
|
| 245 | 0 | 0 |
_aPocket manual of homœpathic materia medica : _bcomprising the characteristic and guiding symptoms of all remedies (clinical and pathogenetic) / _cWilliam Boericke |
| 250 | _a9th ed. | ||
| 260 |
_aDelhi : Motilal Banarsidass, ©1993. _b Motilal Banarsidass, _c1993 [reprint 1996]. |
||
| 300 |
_a1075 p.: _bill. _c18 cm. |
||
| 650 | 0 |
_aHomeopathy _xMateria medica and therapeutics. _9114880 |
|
| 700 | 1 |
_aBoericke, Oscar Eugene. [from old catalog] _9114881 |
|
| 942 |
_2ddc _cBK |
||
| 999 |
_c37424 _d37424 |
||